TIMV Trivia Quiz - Statistics

General Stats
  • This quiz has been taken 67 times
  • The average score is 17 of 33
Answer Stats
Question Answer % Correct
What was the first map? Mineville
85%
How many custom corpse types are there? (Not including default) 3
77%
What is the only traitor item with a chance to fail? Tester Spoofer
74%
What game is TIMV based on? Trouble in Terrorist Town
74%
Which map exists in the same build as Sky Lands? Sky Ship
70%
Which map has the most ender chests? (7) Forge
66%
Which map has a secret sewer system? Hermit Sands (Classic and Revamped)
66%
Name a map with tester instructions. Mineville, Forge, Clockwork Island, Cathedral, etc.
66%
Which map is based on the old Block Party lobby? Nightclub
66%
Name one of the three most recent Sherlocks. schatzi24, Monsel, HeinzBeans
66%
What was the first custom detective stick? Blaze Rod
64%
Which map contains a wearable golden helmet? Puerto Tereza
64%
How many tokens does the secret sign give the player? 1000
62%
In the past, how much karma was lost for glitching a lobby item into the game? 5
62%
Which map is irreconcilably full of holes? Fallen Bridges
62%
What was the second map? Hermit Sands
62%
What do you get for completing the lobby parkour? Nothing
60%
Name one of the three maps with a usable enchantment table. Azure Island, Hermit Sands: Revisited, Spectral
55%
Which color of tester glass is the most expensive? Black
55%
Which traitor item costs six points? Tester Bomb
55%
Name a map based on a book, television show, or movie. The Shire, Welcome to Woodbury, Wonderland, Hollywood Hotel
51%
Which map contains the only traitor trap that shoots the victim upward? Calypso Harbor
47%
Name one of the two maps with a piston door. The Canal, Spectral
45%
Which color of tester glass is the cheapest? Lime, Orange, Magenta, Silver
43%
Name one of the three removed maps. Seraphim, Prime, Silent Valley
43%
Which map is based on the old Trouble in Mineville lobby? Eagle Rock
38%
Which map contains three "easter egg" nether stars? Puerto Tereza
34%
Name one of the three safest maps (no accessible lava, void, deadly falls, or two-deep water). Westwood, Studio, Cosmic Foray
30%
What is the only map whose tester is not 2x2 or 3x3? Hollywood Hotel
23%
Which map contains Vareide's Secret Evil Lair? Armadillo
21%
Which map originally had no tester? Welcome to Woodbury
19%
What item is featured on the banner under the TIMV lobby NPC? Magnifying Glass
13%
What was the original name of Sky Lands? Sky Temple
6%
No matching quizzes found
Score Distribution
Percent of People with Each Score
Percentile by Number Answered
Your Score History
You have not taken this quiz